000 00466nam a2200109Ia 4500
008 171204s9999 xx 000 0 und d
245 _aTransactions On Large-scale Data- And Knowledge-centered Systems:
245 _cAbdelkader Hameurlain, Albert Zomaya, Josef Küng, Lizhe Wang, Roland Wagner, and Sherif Sakr
260 _c2015
650 _xADVANCED OPERATING SYSTEM AND NETWORKING
856 _uhttp://down.ebook777.com/001/TraOnLarDatAndKnoSysXx(leNotInComSci.pdf
999 _c347091
_d347091